| 000 | 00871cab a2200253 4500 | ||
|---|---|---|---|
| 001 | WB3326-14 | ||
| 008 | 090401t1997 xxu||||| |||| 00| 0 eng d | ||
| 035 | _a(Sirsi) u79383 | ||
| 041 | _aeng | ||
| 245 | _aInner-city renewal fund | ||
| 260 | _c1997 | ||
| 350 | _a0 | ||
| 490 |
_aFinancial Times _v30 June 1997, 6(1) |
||
| 520 | _aCharities and inner-city businesses will be able to benefit from the first private inner-city renewal fund launched in Birmingham. The Aston Reinvestment Fund will provide small loans to finance small business, charities and housing associations. | ||
| 650 | _aASTON REINVESTMENT FUND | ||
| 650 | _aBIRMINGHAM | ||
| 650 | _aCHARITIES | ||
| 650 | _aHOUSING ASSOCIATIONS | ||
| 650 | _aSMALL BUSINESSES | ||
| 650 | _aURBAN RENEWAL | ||
| 690 | _aPROPERTY-PROPERTY FINANCE AND INVESTMENT | ||
| 942 | _n0 | ||
| 948 | _c02/07/1997 | ||
| 999 |
_c49893 _d49893 |
||